000 00207 a2200097 4500
001 2644
100 _aWemyes, D.E.G.
245 _aRelent less pursuit
260 _a
_bWilliam kimber
_c
090 _c1940
_d1940
942 _aNUST-CAE
_cM
_c10447
999 _c237717
_d237717